Es gibt mindestens 3... - Sudden Death - Statistiken

Allgemein
  • Dieses Quiz wurde 919 mal gespielt
  • Das Durchschnittsergebnis liegt bei 4 aus 21
Answers on the Grid
Answers color-coded by a green-red scale on the quiz's grid according to % correct below.
...Länder, die an Spanien grenzen
...Planeten im Sonnensystem, die kleiner als die Erde sind
...Nationalmannschaften, die mindestens 2 Fußball-Europameisterschaften gewonnen haben
...Wochen in 1000 Stunden
...abrahamitische Religionen
...Monarchien in Afrika
...BRICS-Länder in Afrika
...verschiedene Mannschaften, die die Conference League gewonnen haben
...Flüsse, die länger sind als die Wolga
...Sterne auf der Flagge von Syrien
...Hauptstädte in Südafrika
...Päpste, die im 20. Jahrhundert geboren wurden
...wissenschaftliche Basen in der Antarktis
...von Beethoven geschriebene Sinfonien
...EU-Länder, die den Euro nicht verwenden
...Lendenwirbel
...US-Bundesstaaten, die an den Pazifischen Ozean grenzen
...Zeiten in einem Basketballspiel
...natürliche Satelliten von Neptun
...Hügel von Rom
...Muskeln in der Hand
...Pfund in einem Kilogramm
...Torhüter, die den Ballon d'Or gewonnen haben
...Länder mit mehr Einwohnern als die Vereinigten Staaten
...Farben in der Flagge von China
...Farben in der Flagge von China
...perfekte Quadrate zwischen 10 und 30
...Inseln größer als Borneo
...Londoner Mannschaften, die die Champions League gewonnen haben
...Hauptstädte, die weiter südlich liegen als Montevideo
...Länder, die an Zypern grenzen
... Zellkerne in einer eukaryotischen Zelle
...Kalorien in einem Joule
...Brennpunkte in einer Ellipse
...Binnenländer in Amerika
...Katheten in einem rechtwinkligen Dreieck
...Tropen auf der Erde
...Weltkriege
...Präsidenten der Vereinigten Staaten, die für zwei nicht aufeinanderfolgende Amtszeiten gewählt wurden
...Filme, die mehr als 3 Milliarden Dollar eingespielt haben
...Monate, in denen das katholische Osterfest gefeiert werden kann
...Länder, die mehr Öl fördern als Saudi-Arabien
 
Antwortstatistiken
Antwort % Korrekt
...Länder, die an Spanien grenzen
32%
...EU-Länder, die den Euro nicht verwenden
29%
...Nationalmannschaften, die mindestens 2 Fußball-Europameisterschaften gewonnen haben
29%
...Muskeln in der Hand
28%
...Hauptstädte in Südafrika
27%
...US-Bundesstaaten, die an den Pazifischen Ozean grenzen
26%
...von Beethoven geschriebene Sinfonien
24%
...Lendenwirbel
23%
...Flüsse, die länger sind als die Wolga
21%
...Zeiten in einem Basketballspiel
20%
...Hügel von Rom
19%
...Monarchien in Afrika
19%
...Wochen in 1000 Stunden
19%
...Päpste, die im 20. Jahrhundert geboren wurden
18%
...Planeten im Sonnensystem, die kleiner als die Erde sind
17%
...verschiedene Mannschaften, die die Conference League gewonnen haben
15%
...Sterne auf der Flagge von Syrien
14%
...abrahamitische Religionen
11%
...wissenschaftliche Basen in der Antarktis
11%
...BRICS-Länder in Afrika
5%
...natürliche Satelliten von Neptun
5%
Keine übereinstimmenden Quizze gefunden
Verteilung der Resultate
Anzahl Personen mit jedem Resultat
Perzentil nach korrekt beantworteten Fragen
Ihre Resultats-Entwicklung
Sie haben dieses Quiz noch nicht gespielt